000 00293nam a2200109Ia 4500
008 231129s9999||||xx |||||||||||||| ||spa||
082 _a(EN PROCESO DE DESCARTE) 539 M667
100 _aMinter Jerry B
245 0 _aElectronica nuclear
264 _aOak Ridge (EE.UU.): USAEC
942 _2ddc
_cBKS
999 _c12742
_d12742